Global Financial Management
Salvato in:
| Autore principale: | |
|---|---|
| Natura: | Libro |
| Lingua: | inglese |
| Pubblicazione: |
Brisbane
Wiley and Sons
1996
|
| Edizione: | 1. ed. |
| Soggetti: | |
| Tags: |
Nessun Tag, puoi essere il primo ad aggiungerne!!
|
MARC
| LEADER | 00000nam a2200000 4500 | ||
|---|---|---|---|
| 001 | c019021 | ||
| 005 | 20221205125230.3 | ||
| 020 | |a 0-471-57854-1 | ||
| 041 | 0 | |a eng | |
| 044 | |a AU | ||
| 245 | 1 | 0 | |a Global Financial Management |c Thomas J. O'Brien |
| 250 | |a 1. ed. | ||
| 264 | 1 | |a Brisbane |b Wiley and Sons |c 1996 | |
| 300 | |a 400 s. | ||
| 610 | 2 | 0 | |a financie medzinárodné |
| 610 | 2 | 0 | |a manažment finančný |
| 610 | 2 | 0 | |a mena |
| 610 | 2 | 0 | |a kurz výmenný |
| 610 | 2 | 0 | |a kurz menový |
| 610 | 2 | 0 | |a miera úroková |
| 610 | 2 | 0 | |a opcie |
| 610 | 2 | 0 | |a kapitál zahraničný |
| 100 | 1 | |a O'Brien, Thomas J. | |